000 00591nam a2200181 i 4500
001 100898
003 ES-MaACL
005 20230906182801.0
007 t|
008 051006s1967 sp ||||1| spa d
100 1 _aMatthew, W. P.
_979128
245 1 0 _aConstrucción, cuidados y reparaciones del hogar /
_cW. P. Matthew; [traducción y adaptación... Pedro Danés Casabosch].
250 _a[1ª ed.].
260 _aBarcelona :
_bLabor,
_c1967.
300 _aXII, 497 p., 5 lám. :
_bil. ;
_c26 cm.
700 1 _aDanés Casabosch, Pedro.
_942611
852 _aES-MaACL
_jC-33420
_bR.64193
999 _c100898
_d100898